Arctic Monkeys - No. 1 Party Anthem (Lyrics) - Statistics

General Stats
  • This quiz has been taken 86 times
  • The average score is 213 of 291
Answer Stats
Answer % Correct
a
97%
on
97%
on,
97%
the
97%
The
97%
she
95%
par
95%
She
95%
no
92%
party
92%
Party
92%
anthem
90%
anthem,
90%
Number
89%
number
89%
one
89%
I
85%
not
84%
So
84%
you
84%
of
82%
Come
81%
come
81%
She's
81%
"She's
81%
who
81%
your
81%
and
79%
And
79%
for
79%
left
79%
or
79%
Or
79%
already
77%
in
77%
it
77%
like
77%
love,
77%
me
77%
prowl
77%
wondering
77%
you're
77%
look
76%
do
74%
when
74%
her
73%
to
73%
To
73%
whether
73%
indoor
71%
know
71%
with
71%
I'm
69%
Call
68%
collar
68%
jacket,
68%
Leather
68%
popped
68%
put
68%
again
66%
Cages
66%
hold
66%
knowing
66%
Knowing
66%
search
66%
smoke
66%
sly
65%
soul
65%
Sunglasses
65%
walls
65%
calls
63%
Never
63%
friends
61%
good
61%
having
61%
just
61%
Just
61%
run
61%
rush
61%
stop
61%
sweat
61%
That
61%
that
61%
blood
60%
imaginary
60%
It's
60%
jokes
60%
this
60%
at
58%
Lights
58%
oldest
58%
black
56%
could
56%
course
56%
falling
56%
folks
56%
indoors,
56%
laughing
56%
off
56%
white
56%
Camera
55%
want
55%
all
53%
Gallic
53%
Sipping
53%
drink
52%
floors
52%
shrug
52%
antenna
50%
As
50%
as
50%
blower
50%
going
50%
got
50%
lumps
50%
mind
50%
throat
50%
poles
48%
seems
48%
though
48%
Before
47%
certified
47%
have
47%
signals
47%
swallowed
47%
approach
45%
because
45%
eyes
45%
sent,
45%
shutterbugs,
45%
are
44%
color
44%
confused
44%
might
44%
those
44%
well
44%
don't
42%
full
42%
gone
42%
roll
42%
cubicles
40%
invite
40%
moment's
40%
monologues,
40%
there's
40%
ball
39%
Drunken
39%
get
39%
suggest
39%
from
37%
somewhere
37%
which
37%
house
35%
me"s,
35%
time
35%
fun,
32%
girls,
32%
May
32%
Plus
31%
dodge
24%
No matching quizzes found
Score Distribution
Percent of People with Each Score
Percentile by Number Answered
Your Score History
You have not taken this quiz